Histoire : Chefs d'État français et reines/premières dames par images - Statistiques

Statistiques générales
  • Ce quiz a été pris 62 fois
  • Le résultat moyen est 16 sur 30
Statistiques - réponses
Par images Hint Réponse % Correct
1977- Emmanuel Macron
100%
Meurt en 814 Charlemagne
88%
1890-1970 Charles de Gaulle
83%
1519-1589 Catherine de Médicis
71%
1638-1715 Louis XIV
71%
1710-1774 Louis XV
69%
1754-1793 Louis XVI
67%
1933- Bernadette Chirac
65%
1553-1610 Henri IV
65%
1808-1873 Napoléon III
63%
1494-1547 François Ier
62%
1757-1836 Charles X
58%
1122-1204 Aliénor d'Aquitaine
56%
1477-1514 Anne de Bretagne
56%
1575-1642 Marie de Médicis
56%
1214-1270 Louis IX
54%
1769-1821 Napoléon Ier
54%
Meurt en 996 Hugues Capet
44%
1773-1850 Louis-Philippe Ier
44%
1763-1814 Joséphine de Beauharnais
42%
1755-1793 Marie-Antoinette d'Autriche
42%
714-768 Pépin le Bref
42%
1900-1979 Yvonne de Gaulle
42%
1403-1461 Charles VII
40%
1826-1920 Eugénie
37%
1268-1314 Philippe IV
37%
1188-1252 Blanche de Castille
35%
466-511 Clovis Ier
33%
1638-1683 Marie-Thérèse d'Autriche
23%
474-545 Clotilde
17%
Aucun quiz correspondant
Distribution des résultats
% des personnes avec chaque résultat
Percentile par nombre de réponses
Votre historique - résultats
Vous n’avez pas pris ce quiz